000 00455nam a2200181Ia 4500
003 GCL
008 140319s9999 xx 000 0 eng d
040 _aGCL /
_cGCL
082 0 4 _a760
_bW L
100 1 _aWOODFORD, SUSAN
245 1 0 _aLOOKING AT PICTURES /
_cWOODFORD, SUSAN
260 _a[S.N] :
_bCAMLRIDGE UNIVERSITY PRESS ،
_c1989
300 _a112 P
650 0 4 _aARTS
650 0 4 _aPICTURES
650 0 4 _aVISSUAL PERCEPTION
942 _2ddc
_cBK
999 _c17361
_d17361